Il Kitsch : antologia del cattivo gusto /
I tiakina i:
| Kaituhi matua: | |
|---|---|
| Ētahi atu kaituhi: | , , |
| Hōputu: | Pukapuka |
| Reo: | Itāriana |
| I whakaputaina: |
Milano :
Mazzotta,
1990
|
| Putanga: | 5. ed |
| Ngā marau: | |
| Ngā Tūtohu: |
Kāore He Tūtohu, Me noho koe te mea tuatahi ki te tūtohu i tēnei pūkete!
|
MARC
| LEADER | 00000nam a2200000 i 4500 | ||
|---|---|---|---|
| 001 | IT\ICCU\BVE\0008607 | ||
| 003 | ItRI | ||
| 005 | 20260115231903.0 | ||
| 008 | 910710s1990 it |||||| ||||| |||||c | ||
| 020 | |a 8820200732 | ||
| 040 | |b ita |c importazione bologna sebina | ||
| 041 | 7 | |a ita |2 ISO-639-2 | |
| 082 | |a 709.0348 |9 BELLE ARTI E ARTI DECORATIVE. 1800-1899. Kitsch (Trash) |2 21 | ||
| 082 | |a 709.0348 |9 BELLE ARTI E ARTI DECORATIVE. 1800-1899 |2 20 | ||
| 100 | 1 | |a Dorfles, Gillo |0 IT\ICCU\CFIV\021426 |4 aut | |
| 245 | 1 | 3 | |a Il Kitsch : |b antologia del cattivo gusto / |c Gillo Dorfles ; contributi di John McHale ... \et al.! ; saggi di Hermann Broch e Clement Greenberg. |
| 250 | |a 5. ed | ||
| 260 | |a Milano : |b Mazzotta, |c 1990 | ||
| 300 | |a 316 p. : |b ill. ; |c 24 cm. | ||
| 650 | 7 | |a Kitsch | |
| 700 | 1 | |a Broch, Hermann |0 IT\ICCU\CFIV\020010 | |
| 700 | 1 | |a Greenberg, Clement |0 IT\ICCU\CFIV\107287 | |
| 700 | 1 | |a McHale, John L. |0 IT\ICCU\BVEV\007225 | |
| 790 | 1 | |a Dorfles, Angelo Eugenio |3 IT\ICCU\SBNV\054155 |z Dorfles, Gillo | |
| 790 | 1 | |a MacHale, John |3 IT\ICCU\BVEV\007226 |z McHale, John L. | |
| 942 | |2 ddc |c BK |n 0 | ||
| 952 | |0 0 |1 0 |4 0 |6 DOC_709_040000000000000_DOR |7 0 |9 15384 |a BO |b BO |d 2026-01-15 |i 15495 |l 0 |o DOC 709.040 DOR |p BO15495 |r 2026-01-15 23:19:03 |w 2026-01-15 |x [Sebina 5] [1 v.] |y BK |z 1 v. | ||
| 999 | |c 13246 |d 13246 | ||